Govt. of
Madhya Pradesh

Incense on Holy Altar (Record no. 15665)

MARC details
000 -LEADER
fixed length control field 005270000a22001930004500
001 - CONTROL NUMBER
control field 003771
003 - CONTROL NUMBER IDENTIFIER
control field MACL
005 - DATE AND TIME OF LATEST TRANSACTION
control field 20150709133457.0
008 - FIXED-LENGTH DATA ELEMENTS--GENERAL INFORMATION
fixed length control field 150709b xxu||||| |||| 00| 0 eng d
040 ## - CATALOGING SOURCE
Original cataloging agency MACL
Transcribing agency MACL
041 ## - LANGUAGE CODE
Language code of text/sound track or separate title English
082 ## - DEWEY DECIMAL CLASSIFICATION NUMBER
Classification number 305.48/ADH
100 ## - MAIN ENTRY--PERSONAL NAME
Personal name Adhya, Sarmishtha
9 (RLIN) 1525
245 ## - TITLE STATEMENT
Title Incense on Holy Altar
Remainder of title A Stucy Of Widowhood in Ancient india
Statement of responsibility, etc. Sarmishtha Adhya
260 ## - PUBLICATION, DISTRIBUTION, ETC. (IMPRINT)
Place of publication, distribution, etc. Kolkata
Date of publication, distribution, etc. 2006
Name of publisher, distributor, etc. Progressive Publishers,
350 ## - PRICE (NR) (BK AM CF MU VM SE) [OBSOLETE]
Price 200
650 ## - SUBJECT ADDED ENTRY--TOPICAL TERM
Topical term or geographic name as entry element Social Science
9 (RLIN) 1526
942 ## - ADDED ENTRY ELEMENTS (KOHA)
Call number prefix 305
Koha item type Books
Source of classification or shelving scheme
Holdings
Withdrawn status Lost status Source of classification or shelving scheme Damaged status Not for loan Home library Current library Date acquired Cost, normal purchase price Total Checkouts Full call number Barcode Date last seen Uniform Resource Identifier Price effective from Koha item type
          MACL MACL 15/04/2015 200.00   305.48/ADH CRE021419 02/05/2024 15566 15/04/2015 Books